| 000 | 00426nam a22001217a 4500 | ||
|---|---|---|---|
| 008 | 230327b |||||||| |||| 00| 0 eng d | ||
| 040 |
_aNational Science Library _cNational Science Library |
||
| 080 |
_aD 681.3.5/6(058.7) _bK8 |
||
| 245 | _aDirectory of computerized information in science and technology | ||
| 260 |
_aU S A : _bScience Associates International Inc., _c1968 |
||
| 650 | _aComputer science | ||
| 942 |
_2udc _cDIR |
||
| 999 |
_c14968 _d14968 |
||